00518nam a2200169Ia 4500003000400000008004100004020001500045040001600060082002000076100002500096245006600121260004800187300002600235650001400261650002300275650005000298GCL140319s9999 xx 000 0 eng d a0316286168 aGCL / cGCL04a973.410924bF W1 aFLEXNER, JAMES THOMS10aWASHINGTON : bTHE INDISPENSABLE MAN / cFLEXNER, JAMES THOMS aنيويورك : bBACK BAY BOOKS ، c1980 a24 CM ؛ cXVII,423 P04aBIOGRAPHY04aPRESIDENTS - U.S.A04aWASHINGTON, GEORGE, PRES. U. S. , 1732- 1799.